Track & Field Athletes by Country #1 - Men's Track - Statistics

General Stats
  • This quiz has been taken 15 times
  • The average score is 15 of 35
Answer Stats
Name Event Country % Correct
Kevin Borlee 400m Belgium
86%
Haile Gebrselassie 5,000, 10,000m Ethiopia
86%
Wayde van Niekerk 200, 400m South Africa
79%
Eamonn Coghlan 5,000m Ireland
71%
Moses Kiptanui 3,000m SC Kenya
71%
Karsten Warholm 400m H Norway
71%
Yuriy Borzakovskiy 800m Russia
71%
Nijel Amos 800m Botswana
57%
Donovan Bailey 100m Canada
57%
Ramil Guliyev 200m Turkey
57%
Calvin Smith 100, 200m United States
57%
Roger Black 400m Great Britain
50%
Pietro Mennea 200m Italy
50%
Frankie Fredericks 100, 200m Namibia
50%
Kim Collins 100m St Kitts and Nevis
50%
Ato Boldon 100, 200m Trinidad and Tobago
50%
Kirani James 400m Grenada
43%
Nick Willis 1500m New Zealand
43%
Innocent Egbunike 400m Nigeria
43%
Felix Sanchez 400m H Dominican Republic
36%
Noureddine Morceli 1500m Algeria
29%
Ryan Brathwaite 110m H Barbados
29%
Joaquim Cruz 800m Brazil
29%
Alberto Juantorena 400, 800m Cuba
29%
Zersenay Tadese 10,000m Eritrea
29%
Alejandro Cardenas 400m Mexico
29%
Fermin Cacho 1500m Spain
29%
Venuste Niyongabo 1500, 5,000m Burundi
21%
Abdi Bile 1500m Somalia
21%
Ayanleh Souleiman 800m Djibouti
14%
Stephane Diagana 400m H France
14%
Khalid Skah 10,000m Morocco
14%
Andre Bucher 800m Switzerland
14%
Dudley Dorival 110m H Haiti
7%
Samuel Matete 400m H Zambia
7%
No matching quizzes found
Score Distribution
Percent of People with Each Score
Percentile by Number Answered
Your Score History
You have not taken this quiz